| 000 | 00695nac a22001931u 4500 | ||
|---|---|---|---|
| 082 |
_a336.200941 _bHAN |
||
| 090 |
_c9590 _d9590 |
||
| 100 | _aHancock, Dora | ||
| 245 |
_aTaxation : _b policy & practice 1995/6 edition / _c Dora Hancock |
||
| 250 | _a3rd ed. | ||
| 260 |
_aLondon : _b Chapman & Hall, 1995. _c1995 |
||
| 300 |
_axiii,366p. ; _c 25cm |
||
| 490 | _aThe Chapman & Hall series in accounting and finance | ||
| 500 | _aIncludes index. | ||
| 650 |
_aTaxation _z Great Britain. |
||
| 700 | _aHancock, Dora. | ||
| 942 |
_cBB _k336.200941 HAN |
||
| 999 |
_c9590 _d9590 |
||